000
00315nam a2200145Ia 4500
008
210210b1925 xxu||||| |||| 00| 0 eng d
041
_a
eng
082
_a
883/43
100
_a
HARSHA
245
_a
RathnAvaLi
260
_a
Bombay
_b
-
_c
1925
650
_a
RathnAvaLi
690
_a
Sanskrit Drama
906
_a
024373
999
_c
149863
_d
149863